00969nam a2200229 a 450000100060000000300080000600500170001400800410003103500190007204000350009104100080012608200260013410000300016024501960019026000800038630000370046650200880050350400310059165000370062270000490065970000310070882483BD-RjUL20231218101444.0231218s2018 bg a|||| m||| 00| 0 eng d a(BD-RjUL)82483 aBD-RjULbengcBD-RjULdBD-RjUL aeng 223a615.321bMIA 2018 aMizan, Mst. Razwana Binta10aAnti-Bacterial Activity of Some Selected Medicinal Plants Against Streptococcus Mutans /cBy Mst. Razwana Binta Mizan ;6Principal Supervisor : Md. Abul Kalam Azad, Co-Supervisor : Kamrunnhar aRajshahi :bInstitute of Biological Sciences, University of Rajshahi,c2018 axi, 120 Leaves :bill, ;c29 cm. aThesis (M. Phil.) -- Institute of Biological Sciences, University of Rajshahi, 2018 a Reference : Leaves 98-119 aDrugs DerivedxMedicinal Plants  aAzad, Md. Abul Kalam, Principal Supervisor  aKamrunnhar, Co-Supervisor